000 00483nam a2200181Ia 4500
005 20250326140457.0
008 250326s9999 xx 000 0 und d
037 _aTextbook
040 _aFMSL
_beng
_cFMSL
041 _aeng
_2eng
084 _aX.1 M12
_qFMSL
100 _aNewton K
_9618999
245 0 _aUrban political economy
_cNewton K
260 _aLondon
_bLondon, Frances Printer
_c1981
300 _a223p
942 _cTB
_hX.1 M12
999 _c1285994
_d1285994